Física i; para cuarto año /

Guardado en:
Autor Principal: Mestorino, Roberto J.
Otros Autores: Sardella, Oscar F.
Formato: Libro
Publicado: Buenos Aires : Guadalupe, 1967
Materias:
Etiquetas: Agregar Etiqueta
Sin Etiquetas, Sea el primero en etiquetar este registro!
LEADER 00839nam a22002295a 4500
001 CEM.cems004382
005 20060216000000.0
008 130507s1967##################000#0#####d
003 CEMS
082 0 4 |a 530 
100 1 |a Mestorino, Roberto J. 
245 1 0 |a Física i; para cuarto año / 
260 |a Buenos Aires :  |b Guadalupe,  |c 1967 
300 |a 492 p. 
505 0 |a Optica geometrica. Médici,ón de fuentes luminosas. Reflexion y refracción de la luz. Espejos esfericos. Lentes. Aparatos opticos. Espectroscopia. Optica física. Magnetismo. Electrostatica. El campo electrico. Potencial electrico. Fenomenos radiactigos 
653 |a Calorimetria 
653 |a Cinematica 
653 |a Dinamica 
653 |a Estatica 
653 |a Física 
700 1 |a Sardella, Oscar F. 
859 |a CEMS  |b BIB. CEMS - 11 de abril  |h 530  |i M564/I  |p 6541.78  |t Ej.1